Technicko-hospodářsky plán průmyslového závodu

Salvato in:
Dettagli Bibliografici
Natura: Libro
Lingua:ceco
Pubblicazione: Praha Tiskové podniky-Průmyslová služba 1949
Tags: Aggiungi Tag
Nessun Tag, puoi essere il primo ad aggiungerne!!

MARC

LEADER 00000nam a2200000 4500
001 0268672
005 20240822101712.5
041 0 |a cze 
044 |a -CS 
245 1 0 |a Technicko-hospodářsky plán průmyslového závodu  |c K.A. Fedosejěv 
264 1 |a Praha  |b Tiskové podniky-Průmyslová služba  |c 1949